| 000 | 00884cam a2200289 a 4500 | ||
|---|---|---|---|
| 001 | 15164 | ||
| 003 | BD-RjUL | ||
| 005 | 20211208235749.0 | ||
| 008 | 140209s1989 enk b 001 0 eng | ||
| 020 | _a0070841829 : | ||
| 035 | _a(BD-RjUL)15218 | ||
| 040 |
_aDLC _cDLC _dDLC _dBD-RjUL _beng |
||
| 041 | _aeng | ||
| 082 | 0 | 0 |
_a657.046 _219 _bSAA 1989 |
| 100 | 1 |
_aSamuels, J. M. _q(John Malcolm), _d1938- _947180 |
|
| 245 | 1 | 0 |
_aAdvanced financial accounting / _cJohn Samuels, Colin Rickwood, Andrew Piper. |
| 250 | _a2nd ed. | ||
| 260 |
_aLondon ; _aNew York : _bMcGraw-Hill Book Co. (UK), _cc1989. |
||
| 300 |
_aix, 354 p. ; _c25 cm. |
||
| 504 | _aIncludes bibliographical references and index. | ||
| 650 | 0 |
_aAccounting. _947181 |
|
| 700 | 1 |
_aRickwood, Colin. _947182 |
|
| 700 | 1 |
_aPiper, Andrew. _947183 |
|
| 942 |
_2ddc _cBK |
||
| 999 |
_c15164 _d15164 |
||